[Event "Junior Online 4NCL Division 3"]
[Site "online"]
[Date "2020.09.03"]
[Round "2.91"]
[White "Mehta, Devina"]
[Black "Fairclough, William"]
[Result "0-1"]
[WhiteElo "700"]
[BlackElo "1337"]
[PlyCount "52"]
[EventDate "2020.09.03"]
[WhiteTeam "Watford Juniors E"]
[BlackTeam "Manchester Juniors C"]

1. e4 e5 2. Nf3 Nc6 3. Nc3 Bc5 4. Bb5 Nd4 5. Nxe5 Qf6 6. Nd3 Bb6 7. Nd5 Qd6 8.
Nc3 Nxb5 9. Nxb5 Qc6 10. Na3 Nf6 11. O-O Nxe4 12. Qe1 O-O 13. Ne5 Qd5 14. Nf3
Re8 15. c4 Qc6 16. d3 Nf6 17. Qd1 d5 18. cxd5 Qxd5 19. Ne1 Ng4 20. Qa4 Bxf2+
21. Kh1 Bd7 22. Qd1 Be3 23. h3 Nf2+ 24. Rxf2 Bxf2 25. Nec2 Bxh3 26. Nb4 Qxg2#
0-1

[Event "Junior Online 4NCL Division 3"]
[Site "online"]
[Date "2020.09.03"]
[Round "2.92"]
[White "Burke, Alexander"]
[Black "Taylor, Tamuka"]
[Result "1-0"]
[WhiteElo "1292"]
[BlackElo "700"]
[PlyCount "75"]
[EventDate "2020.09.03"]
[WhiteTeam "Manchester Juniors C"]
[BlackTeam "Watford Juniors E"]

1. e4 e5 2. Nf3 Nc6 3. Bc4 Bc5 4. d3 Nf6 5. Ng5 d5 6. exd5 Na5 7. Qe2 h6 8.
Qxe5+ Be7 9. d6 cxd6 10. Bxf7+ Kf8 11. Qg3 g6 12. Ne6+ Kxf7 13. Nxd8+ Rxd8 14.
O-O Nh5 15. Qf3+ Kg7 16. b4 Nc6 17. Bb2+ Kg8 18. Qd5+ Kf8 19. Nd2 Nf4 20. Qf3
g5 21. Rae1 Ke8 22. Bf6 Rd7 23. Bxe7 Rxe7 24. Rxe7+ Kxe7 25. Qe4+ Kd7 26. Re1
Kc7 27. Qh7+ Kb8 28. g3 Nh5 29. Re8 a6 30. Qd7 Ka7 31. Rxc8 Rxc8 32. Qxc8 Kb6
33. a4 Nxb4 34. a5+ Kxa5 35. Qc7+ b6 36. Nc4+ Kb5 37. Qxb6+ Ka4 38. Qa5# 1-0

[Event "Junior Online 4NCL Division 3"]
[Site "online"]
[Date "2020.09.03"]
[Round "2.93"]
[White "Naren, Riya"]
[Black "Eccleston, Rowan"]
[Result "0-1"]
[WhiteElo "700"]
[BlackElo "1285"]
[PlyCount "20"]
[EventDate "2020.09.03"]
[WhiteTeam "Watford Juniors E"]
[BlackTeam "Manchester Juniors C"]

1. e4 e6 2. e5 d5 3. Ke2 Nc6 4. b3 Nxe5 5. c4 dxc4 6. bxc4 Nxc4 7. d3 Nb6 8.
Ke3 Bc5+ 9. Ke4 Nf6+ 10. Ke5 Qd4# 0-1

[Event "Junior Online 4NCL Division 3"]
[Site "online"]
[Date "2020.09.03"]
[Round "2.94"]
[White "Elisseev-Siuda, Ivan"]
[Black "Shyam, Ria"]
[Result "1-0"]
[WhiteElo "1225"]
[BlackElo "700"]
[PlyCount "57"]
[EventDate "2020.09.03"]
[WhiteTeam "Manchester Juniors C"]
[BlackTeam "Watford Juniors E"]

1. e4 e5 2. Nf3 Nc6 3. Bc4 Bc5 4. O-O Nf6 5. d3 O-O 6. Nc3 Ng4 7. Bg5 h6 8.
Bxd8 Nxd8 9. h3 Nf6 10. Nd5 Bxf2+ 11. Rxf2 Nxd5 12. Bxd5 c6 13. Bb3 d6 14. Nh4
g6 15. Qd2 g5 16. Nf5 Bxf5 17. exf5 Re8 18. Raf1 d5 19. c4 e4 20. cxd5 e3 21.
Qe2 exf2+ 22. Qxf2 cxd5 23. Qd4 Nc6 24. Qxd5 Nb4 25. Qxf7+ Kh8 26. f6 Rg8 27.
Re1 Nxd3 28. Re7 Nc5 29. Qh7# 1-0

[Event "Junior Online 4NCL Division 3"]
[Site "online"]
[Date "2020.09.03"]
[Round "2.95"]
[White "Fairclough, William"]
[Black "Mehta, Devina"]
[Result "1-0"]
[WhiteElo "1337"]
[BlackElo "700"]
[PlyCount "59"]
[EventDate "2020.09.03"]
[WhiteTeam "Manchester Juniors C"]
[BlackTeam "Watford Juniors E"]

1. e4 e5 2. Nf3 Bd6 3. Nc3 Nf6 4. d4 Qe7 5. Be3 O-O 6. Bc4 exd4 7. Bxd4 Nxe4 8.
Nd5 Qe6 9. Ne3 Bb4+ 10. c3 Ba5 11. Bxe6 fxe6 12. Qd3 Nf6 13. Ng5 g6 14. Bxf6
Rxf6 15. Ng4 Rf4 16. Nh6+ Kf8 17. Nxh7+ Kg7 18. Qg3 Re4+ 19. Kf1 b6 20. Qf3
Ba6+ 21. Kg1 Bb7 22. Qf7+ Kxh6 23. Nf6 Rf4 24. Ng8+ Kg5 25. h4+ Kg4 26. Nf6+
Kf5 27. Nxd7+ Ke4 28. Qxe6+ Kd3 29. Rh3+ Kc2 30. Qe2# 1-0

[Event "Junior Online 4NCL Division 3"]
[Site "online"]
[Date "2020.09.03"]
[Round "2.96"]
[White "Taylor, Tamuka"]
[Black "Burke, Alexander"]
[Result "0-1"]
[WhiteElo "700"]
[BlackElo "1292"]
[PlyCount "76"]
[EventDate "2020.09.03"]
[WhiteTeam "Watford Juniors E"]
[BlackTeam "Manchester Juniors C"]

1. e4 e5 2. Nf3 d6 3. Bc4 Nc6 4. Nc3 Be7 5. O-O Bg4 6. h3 Bxf3 7. Qxf3 Nf6 8.
d3 Nd4 9. Qd1 O-O 10. Be3 c6 11. Bxd4 exd4 12. Ne2 a5 13. Nxd4 Qc7 14. c3 a4
15. Qf3 b5 16. Ne6 fxe6 17. Bxe6+ Kh8 18. Bf5 d5 19. exd5 Nxd5 20. c4 bxc4 21.
dxc4 Nf6 22. Rad1 Qe5 23. Bg4 Nh5 24. Bxh5 Rxf3 25. gxf3 Qxh5 26. Rfe1 Qg6+ 27.
Kf1 Rd8 28. Rxd8+ Bxd8 29. Rd1 Bf6 30. Rd8+ Bxd8 31. b3 axb3 32. axb3 Qd3+ 33.
Kg2 Bh4 34. b4 Qd2 35. Kh1 Qe1+ 36. Kh2 Qxf2+ 37. Kh1 Bg3 38. h4 Qh2# 0-1

[Event "Junior Online 4NCL Division 3"]
[Site "online"]
[Date "2020.09.03"]
[Round "2.97"]
[White "Eccleston, Rowan"]
[Black "Naren, Riya"]
[Result "1-0"]
[WhiteElo "1285"]
[BlackElo "700"]
[PlyCount "67"]
[EventDate "2020.09.03"]
[WhiteTeam "Manchester Juniors C"]
[BlackTeam "Watford Juniors E"]

1. f4 a5 2. Nf3 Ra6 3. e3 b5 4. Bxb5 c5 5. Bxa6 c4 6. Bxc8 c3 7. Bxd7+ Kxd7 8.
Nxc3 h5 9. Ne5+ Ke8 10. O-O h4 11. h3 f6 12. Nd3 g5 13. Qg4 Qd7 14. Qxd7+ Kxd7
15. b3 a4 16. Nxa4 gxf4 17. Nxf4 e5 18. Ng6 e4 19. Nxh8 Ne7 20. Rxf6 Bg7 21.
Rb6 Nc8 22. Rxb8 Nb6 23. Rxb6 Bxa1 24. Ng6 Bb2 25. Bxb2 Kc7 26. Nxh4 Kd7 27.
Ng6 Ke8 28. h4 Kf7 29. h5 Kg8 30. h6 Kf7 31. h7 Ke8 32. h8=Q+ Kf7 33. Qh7+ Ke8
34. Rb8# 1-0

[Event "Junior Online 4NCL Division 3"]
[Site "online"]
[Date "2020.09.03"]
[Round "2.98"]
[White "Shyam, Ria"]
[Black "Elisseev-Siuda, Ivan"]
[Result "0-1"]
[WhiteElo "700"]
[BlackElo "1225"]
[PlyCount "34"]
[EventDate "2020.09.03"]
[WhiteTeam "Watford Juniors E"]
[BlackTeam "Manchester Juniors C"]

1. e4 e5 2. Nf3 Nc6 3. Ng5 Qxg5 4. g3 Bc5 5. f4 exf4 6. gxf4 Qxf4 7. Qh5 Qf2+
8. Kd1 Nb4 9. Bc4 Nf6 10. Qxf7+ Kd8 11. c3 Na6 12. d3 d6 13. Bg5 Bg4+ 14. Kc1
Be3+ 15. Nd2 Qxd2+ 16. Kb1 Bd1 17. Be6 Qc2# 0-1

[Event "Junior Online 4NCL Division 3"]
[Site "online"]
[Date "2020.09.03"]
[Round "2.101"]
[White "Das, Aman"]
[Black "Jayaprakash, Shravan"]
[Result "0-1"]
[WhiteElo "850"]
[BlackElo "1000"]
[PlyCount "100"]
[EventDate "2020.09.03"]
[WhiteTeam "Leicestershire Juniors 6"]
[BlackTeam "Uxbridge Juniors B"]

1. e4 e5 2. Nf3 Nc6 3. Nc3 Nf6 4. Bc4 Bb4 5. O-O Bxc3 6. dxc3 Nxe4 7. Bg5 Nxg5
8. Nxg5 Qxg5 9. Qd5 O-O 10. Rfe1 d6 11. Qe4 Qf5 12. Qd5 Be6 13. Qb5 Bxc4 14.
Qxc4 Rab8 15. Qd5 Ne7 16. Qe4 Qxe4 17. Rxe4 Rbe8 18. Rd1 Nc6 19. Rh4 Re6 20.
Rd3 Rh6 21. Rdh3 Rxh4 22. Rxh4 Re8 23. Rh3 Re6 24. Rg3 Rg6 25. Rxg6 fxg6 26. g3
Kf7 27. f4 exf4 28. gxf4 Kf6 29. Kg2 g5 30. Kg3 gxf4+ 31. Kxf4 Ne5 32. h3 Ng6+
33. Kg4 Ke5 34. h4 Kf6 35. h5 Nf8 36. c4 g6 37. hxg6 Nxg6 38. b4 Ne5+ 39. Kf4
Nxc4 40. b5 a6 41. b6 cxb6 42. Ke4 Na3 43. Kd3 h5 44. Kc3 h4 45. Kb3 Nxc2 46.
Kxc2 h3 47. a4 h2 48. Kb3 h1=Q 49. Kb4 a5+ 50. Kb5 Qc6# 0-1

[Event "Junior Online 4NCL Division 3"]
[Site "online"]
[Date "2020.09.03"]
[Round "2.102"]
[White "Kapoor, Devansh"]
[Black "Dissanayake, Sathsara"]
[Result "1-0"]
[WhiteElo "1060"]
[BlackElo "850"]
[PlyCount "24"]
[EventDate "2020.09.03"]
[WhiteTeam "Uxbridge Juniors B"]
[BlackTeam "Leicestershire Juniors 6"]

1. e4 d5 2. exd5 Qxd5 3. Nc3 Qe6+ 4. Nge2 Bd7 5. g3 Bc6 6. Rg1 Na6 7. b3 Qe5 8.
Bb2 Qe6 9. d3 O-O-O 10. Qd2 Rd6 11. O-O-O Bf3 12. Nb5 Rd5 1-0

[Event "Junior Online 4NCL Division 3"]
[Site "online"]
[Date "2020.09.03"]
[Round "2.106"]
[White "Dissanayake, Sathsara"]
[Black "Kapoor, Devansh"]
[Result "0-1"]
[WhiteElo "850"]
[BlackElo "1060"]
[PlyCount "42"]
[EventDate "2020.09.03"]
[WhiteTeam "Leicestershire Juniors 6"]
[BlackTeam "Uxbridge Juniors B"]

1. e4 e6 2. Nf3 d5 3. exd5 exd5 4. Qe2+ Be7 5. Nc3 Nf6 6. Qe5 O-O 7. Qg5 Ne4 8.
Qxd5 Nxc3 9. Qxd8 Rxd8 10. dxc3 Bg4 11. Nd4 Nc6 12. Nxc6 bxc6 13. f3 Bf5 14.
Bd3 Bxd3 15. cxd3 Rxd3 16. Bd2 Rad8 17. Bf4 Bc5 18. Bxc7 Re8+ 19. Kf1 Rd2 20.
Re1 Rf2+ 21. Kg1 Rxe1# 0-1

[Event "Junior Online 4NCL Division 3"]
[Site "online"]
[Date "2020.09.03"]
[Round "2.111"]
[White "Thompson, Alex"]
[Black "Rajesh, Shradha"]
[Result "0-1"]
[WhiteElo "1472"]
[BlackElo "1217"]
[PlyCount "44"]
[EventDate "2020.09.03"]
[WhiteTeam "Surrey Kings 1"]
[BlackTeam "Harrow Juniors E"]

1. d4 d5 2. c4 dxc4 3. e3 Nc6 4. Bxc4 Bf5 5. Nc3 e6 6. Nf3 Nf6 7. O-O Bb4 8. a3
Ba5 9. b4 Bb6 10. Bd3 Bg4 11. h3 Bxf3 12. Qxf3 O-O 13. Ne4 Nxe4 14. Bxe4 Qd6
15. Qh5 h6 16. Bc2 Ne7 17. Rd1 c6 18. g4 Bc7 19. g5 Qh2+ 20. Kf1 Ng6 21. Bxg6
fxg6 22. Qg4 Qxf2# 0-1

[Event "Junior Online 4NCL Division 3"]
[Site "online"]
[Date "2020.09.03"]
[Round "2.112"]
[White "Mohammad, Zakariya"]
[Black "Lee, Damin"]
[Result "0-1"]
[WhiteElo "1075"]
[BlackElo "1150"]
[PlyCount "126"]
[EventDate "2020.09.03"]
[WhiteTeam "Harrow Juniors E"]
[BlackTeam "Surrey Kings 1"]

1. e4 e5 2. Nf3 Nc6 3. Bb5 Bd6 4. Bxc6 dxc6 5. O-O Nf6 6. Nc3 Ng4 7. h3 Nf6 8.
Re1 Bxh3 9. gxh3 Qd7 10. d4 Qxh3 11. Ng5 Qd7 12. Nf3 O-O 13. Nxe5 Bxe5 14. dxe5
Qe7 15. Nd5 Qxe5 16. Nxf6+ Qxf6 17. e5 Qg6+ 18. Kf1 Rfd8 19. Qf3 Qxc2 20. Rd1
Rxd1+ 21. Kg2 Qg6+ 22. Qg3 Qe4+ 23. f3 Qe2+ 24. Qf2 Qxf2+ 25. Kxf2 Re8 26. f4
Rd4 27. Kf3 f6 28. exf6 gxf6 29. Be3 Rd3 30. f5 Rdxe3+ 31. Kf4 Kg7 32. Rg1+ Kf7
33. Rh1 R3e4+ 34. Kf3 R4e5 35. Rxh7+ Kg8 36. Kf4 R5e7 37. Rh6 Rh7 38. Rxf6 Kg7
39. Rg6+ Kf7 40. Rg5 Rh4+ 41. Kg3 Rd4 42. b3 Rg8 43. Rxg8 Kxg8 44. a4 Kf7 45.
Kf3 Rb4 46. a5 Kf6 47. Ke3 Kxf5 48. Kd3 Rxb3+ 49. Kc4 Ra3 50. Kb4 Ra1 51. a6
bxa6 52. Kb3 a5 53. Kb2 Ra4 54. Kb3 Re4 55. Kc3 a4 56. Kb2 Re3 57. Ka2 a3 58.
Ka1 Re2 59. Kb1 Ke4 60. Ka1 Kd3 61. Kb1 Kc3 62. Ka1 Kb3 63. Kb1 Re1# 0-1

[Event "Junior Online 4NCL Division 3"]
[Site "online"]
[Date "2020.09.03"]
[Round "2.113"]
[White "Edwards, Benjy"]
[Black "Wang, Xiling"]
[Result "1-0"]
[WhiteElo "1036"]
[BlackElo "1075"]
[PlyCount "23"]
[EventDate "2020.09.03"]
[WhiteTeam "Surrey Kings 1"]
[BlackTeam "Harrow Juniors E"]

1. e4 e5 2. Nf3 Nc6 3. Bc4 Nf6 4. d3 Bc5 5. Nc3 O-O 6. Bg5 d6 7. Nd5 Bg4 8.
Nxf6+ gxf6 9. Bh6 Bxf3 10. Qxf3 Nd4 11. Qg3+ Kh8 12. Qg7# 1-0

[Event "Junior Online 4NCL Division 3"]
[Site "online"]
[Date "2020.09.03"]
[Round "2.114"]
[White "Patel-Davis, Riyan"]
[Black "Gardner, Oliver"]
[Result "1-0"]
[WhiteElo "910"]
[BlackElo "1075"]
[PlyCount "35"]
[EventDate "2020.09.03"]
[WhiteTeam "Harrow Juniors E"]
[BlackTeam "Surrey Kings 1"]

1. e4 e5 2. Nf3 Nf6 3. Nxe5 Bc5 4. d3 d6 5. Nf3 Nc6 6. Nc3 Bg4 7. Be2 O-O 8.
O-O Nd4 9. Nxd4 Bxd4 10. Bxg4 Nxg4 11. Qxg4 Bxc3 12. bxc3 g6 13. Bh6 Re8 14.
Rab1 f5 15. exf5 Qc8 16. Qg5 Kh8 17. Qf6+ Kg8 18. Qg7# 1-0

[Event "Junior Online 4NCL Division 3"]
[Site "online"]
[Date "2020.09.03"]
[Round "2.115"]
[White "Rajesh, Shradha"]
[Black "Thompson, Alex"]
[Result "0-1"]
[WhiteElo "1217"]
[BlackElo "1472"]
[PlyCount "62"]
[EventDate "2020.09.03"]
[WhiteTeam "Harrow Juniors E"]
[BlackTeam "Surrey Kings 1"]

1. c4 e5 2. Nc3 Nf6 3. d3 Nc6 4. Nf3 a5 5. g3 b6 6. Bg2 Bb7 7. O-O Be7 8. e3
O-O 9. Qc2 d5 10. cxd5 Nxd5 11. Nxd5 Qxd5 12. d4 e4 13. Nd2 f5 14. Rd1 Nb4 15.
Qxc7 Bd6 16. Qc3 a4 17. Bf1 b5 18. Bxb5 Qxb5 19. a3 Rac8 20. Qxc8 Rxc8 21. axb4
Bxb4 22. Nf1 Bd5 23. Bd2 Bb3 24. Rdc1 Rxc1 25. Bxc1 Bc4 26. Nd2 Bxd2 27. Bxd2
Qxb2 28. Bc3 Qxc3 29. Rxa4 Qe1+ 30. Kg2 Bf1+ 31. Kg1 Bh3# 0-1

[Event "Junior Online 4NCL Division 3"]
[Site "online"]
[Date "2020.09.03"]
[Round "2.116"]
[White "Lee, Damin"]
[Black "Mohammad, Zakariya"]
[Result "1-0"]
[WhiteElo "1150"]
[BlackElo "1075"]
[PlyCount "91"]
[EventDate "2020.09.03"]
[WhiteTeam "Surrey Kings 1"]
[BlackTeam "Harrow Juniors E"]

1. e4 c5 2. Nf3 Nc6 3. Bc4 e6 4. Nc3 Bd6 5. d3 b6 6. O-O Bb7 7. Nb5 Qe7 8. Ng5
a6 9. Nxd6+ Qxd6 10. Qf3 b5 11. Qxf7+ Kd8 12. Qxg7 bxc4 13. Nf7+ Ke7 14. Nxd6+
Kxd6 15. Qxh8 a5 16. Qxh7 a4 17. Bf4+ e5 18. Qh6+ Nxh6 19. Bxh6 cxd3 20. cxd3
Na5 21. h3 c4 22. dxc4 Nxc4 23. Rfd1+ Kc5 24. Rxd7 Bxe4 25. Rc7+ Kd4 26. Rd1+
Bd3 27. Rd7+ Kc5 28. R7xd3 e4 29. Rc3 Kb5 30. Rd4 Nxb2 31. Rxe4 a3 32. Rb3+ Kc5
33. Be3+ Kd5 34. Rd4+ Ke5 35. Rdb4 Rd8 36. Rxa3 Rd1+ 37. Kh2 Rb1 38. Bd4+ Kd5
39. Bxb2 Rxb2 40. Rxb2 Kd4 41. Rb4+ Kd5 42. Ra5+ Kc6 43. Rh4 Kd6 44. Rh6+ Kd7
45. Ra7+ Kd8 46. Rh8# 1-0

[Event "Junior Online 4NCL Division 3"]
[Site "online"]
[Date "2020.09.03"]
[Round "2.117"]
[White "Wang, Xiling"]
[Black "Edwards, Benjy"]
[Result "1-0"]
[WhiteElo "1075"]
[BlackElo "1036"]
[PlyCount "55"]
[EventDate "2020.09.03"]
[WhiteTeam "Harrow Juniors E"]
[BlackTeam "Surrey Kings 1"]

1. e4 e6 2. Nf3 d5 3. exd5 exd5 4. Qe2+ Qe7 5. Qxe7+ Bxe7 6. Nc3 Nf6 7. d4 Nc6
8. Bb5 Bd7 9. Bxc6 Bxc6 10. O-O O-O-O 11. Re1 Rhe8 12. Ne5 Bb4 13. Nxc6 bxc6
14. Rxe8 Rxe8 15. Bd2 Ne4 16. Nxe4 Bxd2 17. Nxd2 Re2 18. Rd1 Kd7 19. Kf1 Re5
20. dxe5 Ke6 21. Nf3 f5 22. g3 c5 23. h3 g5 24. Nxg5+ Kd7 25. h4 h6 26. Nf7 Ke6
27. Nd8+ Kxe5 28. Nf7+ 1-0

[Event "Junior Online 4NCL Division 3"]
[Site "online"]
[Date "2020.09.03"]
[Round "2.118"]
[White "Gardner, Oliver"]
[Black "Patel-Davis, Riyan"]
[Result "0-1"]
[WhiteElo "1075"]
[BlackElo "910"]
[PlyCount "62"]
[EventDate "2020.09.03"]
[WhiteTeam "Surrey Kings 1"]
[BlackTeam "Harrow Juniors E"]

1. e4 e5 2. Nf3 Nc6 3. Bc4 Nf6 4. d3 Bc5 5. Bg5 d6 6. Nc3 Bg4 7. Nd5 Bxf3 8.
gxf3 Bb4+ 9. c3 Bc5 10. Bxf6 gxf6 11. Nxf6+ Qxf6 12. d4 exd4 13. cxd4 Bxd4 14.
O-O Qg6+ 15. Kh1 O-O-O 16. Qb3 Qf6 17. Rfd1 Bxf2 18. h4 Qxh4+ 19. Kg2 Qg3+ 20.
Kf1 Qg1+ 21. Ke2 Qg2 22. Kd3 Ne5+ 23. Kc3 Qxf3+ 24. Bd3 Nxd3 25. Rxd3 Qf6+ 26.
Kb4 c5+ 27. Kb5 a6+ 28. Kb6 c4+ 29. Ka5 cxb3 30. axb3 Qxb2 31. Rad1 Qa3# 0-1

[Event "Junior Online 4NCL Division 3"]
[Site "online"]
[Date "2020.09.03"]
[Round "2.121"]
[White "Cheema, Jaideep C"]
[Black "Bailey, Matthew"]
[Result "1/2-1/2"]
[WhiteElo "1420"]
[BlackElo "1412"]
[PlyCount "82"]
[EventDate "2020.09.03"]
[WhiteTeam "Brentwood School B"]
[BlackTeam "Surbiton Juniors B"]

1. d4 Nf6 2. Nf3 e6 3. c4 Bb4+ 4. Bd2 Be7 5. Nc3 O-O 6. e3 d5 7. cxd5 Nxd5 8.
Nxd5 exd5 9. Be2 c5 10. dxc5 Bxc5 11. Rc1 Be7 12. O-O Nc6 13. a3 Bf5 14. Qb3
Rb8 15. h3 Be6 16. Rfd1 d4 17. Bc4 Bxc4 18. Qxc4 dxe3 19. Bxe3 Qc8 20. Nd4 Nxd4
21. Qxd4 Qe6 22. Qxa7 Qb3 23. Rb1 h6 24. Qd4 Rbd8 25. Qc3 Rxd1+ 26. Rxd1 Qxd1+
27. Kh2 Bd6+ 28. g3 Re8 29. Qc4 Qf3 30. Qh4 Rxe3 31. fxe3 Bxg3+ 32. Qxg3 Qe2+
33. Kh1 Qxb2 34. Qb8+ Kh7 35. Qf4 Qxa3 36. Qe4+ Kg8 37. Qxb7 Qxe3 38. Qc8+ Kh7
39. Qf5+ Kg8 40. Qc8+ Kh7 41. Qf5+ Kg8 1/2-1/2

[Event "Junior Online 4NCL Division 3"]
[Site "online"]
[Date "2020.09.03"]
[Round "2.122"]
[White "Tran, Joseph"]
[Black "Omoruyi, Jaden"]
[Result "1-0"]
[WhiteElo "1337"]
[BlackElo "1315"]
[PlyCount "47"]
[EventDate "2020.09.03"]
[WhiteTeam "Surbiton Juniors B"]
[BlackTeam "Brentwood School B"]

1. e4 e5 2. Nf3 Nc6 3. Bc4 Nf6 4. Nc3 Bc5 5. d3 O-O 6. Bg5 Bb4 7. a3 Bxc3+ 8.
bxc3 Re8 9. d4 d6 10. d5 Na5 11. Be2 b6 12. h3 c6 13. dxc6 Nxc6 14. Bb5 Bd7 15.
Qxd6 Rc8 16. Bxf6 gxf6 17. Nh4 Re6 18. Qd1 Re8 19. Bxc6 Bxc6 20. Qg4+ Kf8 21.
O-O Qd7 22. Nf5 Red8 23. Qg7+ Ke8 24. Qg8# 1-0

[Event "Junior Online 4NCL Division 3"]
[Site "online"]
[Date "2020.09.03"]
[Round "2.123"]
[White "Kriel, Daniel"]
[Black "Sheftel, Sam"]
[Result "0-1"]
[WhiteElo "1135"]
[BlackElo "1300"]
[PlyCount "44"]
[EventDate "2020.09.03"]
[WhiteTeam "Brentwood School B"]
[BlackTeam "Surbiton Juniors B"]

1. e4 e5 2. Nf3 Nc6 3. Nc3 Bc5 4. Bc4 Nh6 5. d3 Ng4 6. O-O O-O 7. Bg5 Be7 8.
Bxe7 Qxe7 9. Bb5 d6 10. Nd5 Qd8 11. h3 Nf6 12. Ng5 Nxd5 13. Qh5 Nf6 14. Qh4 Ne7
15. c4 Ng6 16. Qg3 Nh5 17. Qf3 Qxg5 18. b4 Nhf4 19. c5 Bxh3 20. Qg3 Ne2+ 21.
Kh2 Nxg3 22. Kxh3 Qh4# 0-1

[Event "Junior Online 4NCL Division 3"]
[Site "online"]
[Date "2020.09.03"]
[Round "2.125"]
[White "Bailey, Matthew"]
[Black "Cheema, Jaideep C"]
[Result "0-1"]
[WhiteElo "1412"]
[BlackElo "1420"]
[PlyCount "22"]
[EventDate "2020.09.03"]
[WhiteTeam "Surbiton Juniors B"]
[BlackTeam "Brentwood School B"]

1. e4 e5 2. f4 exf4 3. Nf3 Nc6 4. d4 Nf6 5. Nc3 Bb4 6. Bd3 d5 7. e5 Ne4 8. Bxe4
dxe4 9. Nd2 Qh4+ 10. Kf1 e3 11. Nf3 Qf2# 0-1

[Event "Junior Online 4NCL Division 3"]
[Site "online"]
[Date "2020.09.03"]
[Round "2.126"]
[White "Omoruyi, Jaden"]
[Black "Tran, Joseph"]
[Result "0-1"]
[WhiteElo "1315"]
[BlackElo "1337"]
[PlyCount "128"]
[EventDate "2020.09.03"]
[WhiteTeam "Brentwood School B"]
[BlackTeam "Surbiton Juniors B"]

1. d4 Nf6 2. c4 e6 3. Nf3 Bb4+ 4. Nc3 Bxc3+ 5. bxc3 d5 6. cxd5 exd5 7. Rb1 h6
8. g3 O-O 9. Bg2 b6 10. Qb3 Bf5 11. Rb2 Nc6 12. Nh4 Na5 13. Qb5 Bd7 14. Qd3 Nc4
15. Rb4 a5 16. Rb1 Re8 17. O-O Ng4 18. Bxd5 Nd6 19. Bxa8 Qxa8 20. Nf3 Bc6 21.
h3 Nf6 22. Rb2 Be4 23. Qd2 Nc4 24. Qf4 Nxb2 25. Bxb2 Bxf3 26. Qxf3 Qc8 27. Kh2
Qa6 28. Re1 Ne4 29. e3 Nd2 30. Qe2 Nc4 31. Bc1 b5 32. e4 Nd6 33. e5 Nc8 34. Bd2
Nd6 35. a4 Nc4 36. axb5 Qxb5 37. Qd3 c6 38. Rb1 Qd5 39. f4 c5 40. Rc1 cxd4 41.
Qxd4 Qxd4 42. cxd4 Nxd2 43. d5 Nb3 44. Rc3 Nd2 45. d6 Ne4 46. Ra3 Ra8 47. Ra4
Nc5 48. Rc4 Nd7 49. Rc7 Nf8 50. d7 Rd8 51. Ra7 Rxd7 52. Rxa5 Rd2+ 53. Kg1 Ne6
54. f5 Nd4 55. Ra6 Nxf5 56. g4 Ne3 57. Ra8+ Kh7 58. e6 fxe6 59. Re8 Rg2+ 60.
Kh1 Ra2 61. Rxe6 Ng2 62. Kh2 Nf4+ 63. Kg3 Nxe6 64. g5 hxg5 0-1

[Event "Junior Online 4NCL Division 3"]
[Site "online"]
[Date "2020.09.03"]
[Round "2.127"]
[White "Sheftel, Sam"]
[Black "Kriel, Daniel"]
[Result "1-0"]
[WhiteElo "1300"]
[BlackElo "1135"]
[PlyCount "77"]
[EventDate "2020.09.03"]
[WhiteTeam "Surbiton Juniors B"]
[BlackTeam "Brentwood School B"]

1. e4 e5 2. Bc4 Nc6 3. Nf3 Bc5 4. d3 Nf6 5. Ng5 O-O 6. Nxf7 Rxf7 7. Bxf7+ Kxf7
8. Bg5 Bb4+ 9. c3 Bc5 10. O-O d6 11. Bxf6 Kxf6 12. Qf3+ Ke7 13. Qg3 Qf8 14.
Qh4+ Qf6 15. Qxh7 Be6 16. Nd2 Bg8 17. Qh5 Bf7 18. Qf5 g6 19. Qxf6+ Kxf6 20. Nf3
Ke7 21. Rad1 Re8 22. d4 exd4 23. cxd4 Bb6 24. d5 Nb4 25. a3 Na6 26. Ng5 c6 27.
Nxf7 Kxf7 28. dxc6 bxc6 29. Rxd6 Re6 30. Rd7+ Kf6 31. Re1 Nc5 32. e5+ Kf5 33.
Rf7+ Kg5 34. f4+ Kh6 35. Re2 Nd3+ 36. Kf1 Nxb2 37. Rxb2 Bd4 38. Rb3 a5 39. Rh3#
1-0

[Event "Junior Online 4NCL Division 3"]
[Site "online"]
[Date "2020.09.03"]
[Round "2.131"]
[White "Flanders, William"]
[Black "Sehgal, Garv"]
[Result "0-1"]
[WhiteElo "1111"]
[BlackElo "1000"]
[PlyCount "80"]
[EventDate "2020.09.03"]
[WhiteTeam "Surrey Kings 2"]
[BlackTeam "Leicestershire Juniors 4"]

1. e3 e5 2. Bc4 Nf6 3. Nf3 Ne4 4. Nxe5 d5 5. Bb3 Be6 6. c4 dxc4 7. Nxc4 Qf6 8.
f3 Nd6 9. Nxd6+ Bxd6 10. Ba4+ Nc6 11. Qc2 O-O-O 12. Bxc6 bxc6 13. Qxc6 Bd7 14.
Qa6+ Kb8 15. Qe2 Bc6 16. e4 Bb7 17. d3 Bb4+ 18. Nc3 Bxc3+ 19. bxc3 Qxc3+ 20.
Bd2 Qxa1+ 21. Qd1 Qxd1+ 22. Kxd1 Rxd3 23. Ke2 Rhd8 24. Rd1 Ba6 25. Bg5 Rxd1+
26. Kf2 f6 27. Bxf6 gxf6 28. f4 R1d2+ 29. Ke3 Rxa2 30. e5 fxe5 31. fxe5 Rxg2
32. Kf3 Rxh2 33. Kf4 Re8 34. Kf5 Re2 35. Kf6 R2xe5 36. Kg7 R5e6 37. Kxh7 R8e7+
38. Kg8 Rg6+ 39. Kf8 Rh7 40. Ke8 Rg8# 0-1

[Event "Junior Online 4NCL Division 3"]
[Site "online"]
[Date "2020.09.03"]
[Round "2.132"]
[White "Norton, Laurence"]
[Black "Baker, Luke"]
[Result "1-0"]
[WhiteElo "1000"]
[BlackElo "1000"]
[PlyCount "37"]
[EventDate "2020.09.03"]
[WhiteTeam "Leicestershire Juniors 4"]
[BlackTeam "Surrey Kings 2"]

1. e4 d5 2. Nc3 Nc6 3. Bb5 a6 4. Bxc6+ bxc6 5. exd5 cxd5 6. d4 Nf6 7. Nf3 Bg4
8. O-O Ne4 9. Re1 f5 10. Nxe4 fxe4 11. h3 exf3 12. hxg4 fxg2 13. Kxg2 Qd7 14.
Bg5 O-O-O 15. Qd3 h6 16. Qxa6+ Kb8 17. Re3 hxg5 18. Rb3+ Qb5 19. Rxb5# 1-0

[Event "Junior Online 4NCL Division 3"]
[Site "online"]
[Date "2020.09.03"]
[Round "2.133"]
[White "Salguero, Santiago"]
[Black "Morris, Conor"]
[Result "1-0"]
[WhiteElo "1000"]
[BlackElo "992"]
[PlyCount "27"]
[EventDate "2020.09.03"]
[WhiteTeam "Surrey Kings 2"]
[BlackTeam "Leicestershire Juniors 4"]

1. e4 e5 2. Nf3 Nc6 3. Bc4 Nf6 4. d3 d6 5. Nc3 Bg4 6. h3 Bxf3 7. gxf3 g6 8. f4
Bh6 9. f5 gxf5 10. Bxh6 Na5 11. Bg7 Rg8 12. Rg1 Nh5 13. Qxh5 fxe4 14. Qxf7# 1-0

[Event "Junior Online 4NCL Division 3"]
[Site "online"]
[Date "2020.09.03"]
[Round "2.134"]
[White "Wakelin, Sam"]
[Black "Arora, Bukkan"]
[Result "0-1"]
[WhiteElo "932"]
[BlackElo "1000"]
[PlyCount "100"]
[EventDate "2020.09.03"]
[WhiteTeam "Leicestershire Juniors 4"]
[BlackTeam "Surrey Kings 2"]

1. d4 d5 2. Nc3 Nc6 3. Bf4 e6 4. e3 Bd6 5. Nf3 Bxf4 6. exf4 e5 7. fxe5 Bf5 8.
Be2 Nb4 9. Bb5+ c6 10. Ba4 f6 11. exf6 Nxf6 12. Qe2+ Ne4 13. Nxe4 dxe4 14. Ne5
Qxd4 15. Nc4 b5 16. Bb3 bxc4 17. Bxc4 Qxb2 18. Rd1 Nxc2+ 19. Kf1 e3 20. fxe3
Be4 21. Bd3 Bxd3 22. Rxd3 Qc1+ 23. Rd1 Qxe3 24. Rd2 Qxe2+ 25. Rxe2+ Kd8 26.
Rxc2 Rf8+ 27. Ke1 Kd7 28. Rd2+ Kc7 29. Rf1 Rae8+ 30. Re2 Rxe2+ 31. Kxe2 Re8+
32. Kf2 Rf8+ 33. Kg1 Rxf1+ 34. Kxf1 c5 35. Ke2 Kd6 36. Kd2 Kd5 37. Kc2 c4 38.
Kc1 Kd4 39. Kc2 c3 40. g4 g5 41. h3 h6 42. a3 a5 43. a4 Kc4 44. Kc1 Kd3 45. Kd1
c2+ 46. Kc1 Kc3 47. h4 gxh4 48. g5 h3 49. gxh6 h2 50. h7 h1=Q# 0-1